000 00701nam a2200253Ia 4500
001 10022
005 20240113235200.0
007 ta
008 050730s 197 g b000 u eng u
040 _aCotton College Assam
041 _aeng
082 _a370.15
_bB 813 P
100 _aBrown, F.G. .
245 0 _aPrinciples of Educational and Psychological Testing /
_cF.G. Brown.
_hTextual Documents
250 _a1st ed. /
260 _aHinsdale :
_bThe Dryden Press ,
_cC 1970.
300 _av, 458p. ;
_c22cm..
504 _aIndex
653 _aEducation-Psychological Testing
653 _aEducational Psychology
942 _2ddc
_cBK
999 _c10009
_d10009